Central Library OPAC University of Rajshahi

The right way to become a golfer / (Record no. 17000)

MARC details
000 -LEADER
fixed length control field 00697nam a22002292a 4500
001 - CONTROL NUMBER
control field 17000
003 - CONTROL NUMBER IDENTIFIER
rucl marc code BD-RjUL
005 - DATE AND TIME OF LATEST TRANSACTION
control field 20211209000056.0
008 - FIXED-LENGTH DATA ELEMENTS--GENERAL INFORMATION
fixed length control field 140216s1948 enka 000 0 eng d
035 ## - SYSTEM CONTROL NUMBER
System control number OCLC ocm08800727 from D950321M
-- (BD-RjUL)17057
040 ## - CATALOGING SOURCE
Original cataloging agency IND
Transcribing agency IND
Modifying agency EQO
-- BD-RjUL
Language of cataloging eng
041 ## - LANGUAGE CODE
Language code of text/sound track or separate title eng
082 ## - DEWEY DECIMAL CLASSIFICATION NUMBER
Classification number 796.3523
Author mark and year BOR 1948
090 ## - LOCALLY ASSIGNED LC-TYPE CALL NUMBER (OCLC); LOCAL CALL NUMBER (OCLC)
Classification number (OCLC) (R) ; Classification number, CALL (RLIN) (NR) GV965
Local cutter number (OCLC) ; Book number/undivided call number, CALL (RLIN) .B68
100 1# - MAIN ENTRY--PERSONAL NAME
Personal name Board, John.
9 (RLIN) 51002
245 14 - TITLE STATEMENT
Title The right way to become a golfer /
Statement of responsibility, etc. John Board ; with a foreword by Bernard Darwin.
260 ## - PUBLICATION, DISTRIBUTION, ETC. (IMPRINT)
Place of publication, distribution, etc. Kingswood, Surrey :
Name of publisher, distributor, etc. A.G. Elliot,
Date of publication, distribution, etc. 1948
300 ## - PHYSICAL DESCRIPTION
Pagination 124 [4] p. :
Illustrations ill. ;
Size 18 cm.
650 #0 - SUBJECT ADDED ENTRY--TOPICAL TERM
Topical term or geographic name as entry element Golf.
9 (RLIN) 52447
830 #0 - SERIES ADDED ENTRY--UNIFORM TITLE
Uniform title Right way books
942 ## - ADDED ENTRY ELEMENTS (KOHA)
Source of classification or shelving scheme Dewey Decimal Classification
Koha item type Books
Holdings
Lost status Source of classification or shelving scheme Damaged status Not for loan Collection code Permanent Location Current Location Shelving location Date acquired Source of acquisition Cost, normal purchase price Total Checkouts Full call number Date last seen Copy number Koha item type
  Dewey Decimal Classification   Not For Loan Non-fiction Central Library, University of Rajshahi Central Library, University of Rajshahi Reading Room 11/04/1956 B.H.blackwell 6.00   796.3523 BOR 1948 16/02/2014 C-1 Books